[Event "Gibraltar Open"]
[Site "Caleta ENG"]
[Date "2012.01.27"]
[Round "4.41"]
[White "De Graaf, Dick"]
[Black "Cabrera, Alexis"]
[Result "0-1"]
[BlackTitle "GM"]
[WhiteElo "2183"]
[BlackElo "2504"]
[WhiteFideId "1005677"]
[BlackFideId "3502783"]
[EventDate "2012.01.24"]

1. e4 c5 2. Nf3 d6 3. d4 cxd4 4. Nxd4 Nf6 5. Nc3 a6 6. Bg5 Nbd7 7. f4 Qc7 8. Qf3
h6 9. Bxf6 Nxf6 10. Be2 e6 11. O-O-O Be7 12. Kb1 g6 13. Rhf1 Bd7 14. Qg3 g5 15.
e5 gxf4 16. Qg7 Rg8 17. exf6 Rxg7 18. fxg7 O-O-O 19. Nf5 Bg5 20. Nxd6+ Kb8 21.
Bf3 Bc8 22. Rd3 f5 23. Nxc8 Kxc8 24. Rxd8+ Qxd8 25. Rd1 Qg8 26. Na4 Qxg7 27. Nc5
Qe5 28. Bxb7+ Kc7 29. Rd7+ Kb6 30. Na4+ Ka5 31. Nc3 Be7 32. Bf3 Bc5 33. Rb7 Qe1+
34. Nd1 e5 35. a3 Bxa3 36. Ka2 Bc5 37. c3 Qd2 38. Kb1 Bb6 39. b4+ Kb5 40. c4+
Ka4 0-1

[Event "Gibraltar Open"]
[Site "Caleta ENG"]
[Date "2012.01.27"]
[Round "4.42"]
[White "Muzychuk, Mariya"]
[Black "Peredy, Ferenc"]
[Result "1-0"]
[WhiteTitle "IM"]
[BlackTitle "IM"]
[WhiteElo "2483"]
[BlackElo "2180"]
[WhiteFideId "14114550"]
[BlackFideId "705985"]
[EventDate "2012.01.24"]

1. d4 d5 2. c4 e6 3. Nc3 Nf6 4. cxd5 exd5 5. Bg5 c6 6. e3 Be7 7. Qc2 O-O 8. Bd3
Nbd7 9. Nge2 Re8 10. O-O Nf8 11. f3 h6 12. Bh4 Ne6 13. Rad1 Nh5 14. Bxe7 Qxe7
15. Qd2 b6 16. e4 dxe4 17. fxe4 Qg5 18. e5 Qxd2 19. Rxd2 g6 20. Ne4 Re7 21. Rc2
Bb7 22. Nd6 Rd8 23. Bc4 Nhg7 24. Nf4 Bc8 25. a3 Nxf4 26. Rxf4 Be6 27. Rf6 Bxc4
28. Rxc4 c5 29. dxc5 bxc5 30. Rxc5 Nh5 31. Rf1 Ng7 32. Rfc1 Ne6 33. Rc8 Rd7 34.
Rxd8+ Nxd8 35. Kf2 Kf8 36. Ke3 Ke7 37. Ke4 Ke6 38. Nb5 f5+ 39. exf6 Kxf6 40. Nd4
Re7+ 41. Kf3 Rd7 42. Rc4 Ke5 43. Ke3 Kd5 44. Ra4 Nb7 45. Ne2 Re7+ 46. Kd2 Nc5
47. Nf4+ Kc6 48. Rc4 Rd7+ 49. Kc2 Kb6 50. Nxg6 a5 51. b4 axb4 52. axb4 Na6 53.
Nf4 Kb5 54. Kc3 Rd1 55. Nd3 Rg1 56. g3 Ra1 57. Rh4 Ra3+ 58. Kd4 1-0

[Event "Gibraltar Open"]
[Site "Caleta ENG"]
[Date "2012.01.27"]
[Round "4.44"]
[White "Daoudi, Kamal"]
[Black "Womacka, Mathias"]
[Result "0-1"]
[BlackTitle "GM"]
[WhiteElo "2165"]
[BlackElo "2455"]
[WhiteFideId "9001069"]
[BlackFideId "4611390"]
[EventDate "2012.01.24"]

1. e4 c5 2. Nf3 d6 3. d4 cxd4 4. Qxd4 Nc6 5. Bb5 Bd7 6. Bxc6 Bxc6 7. Nc3 Nf6 8.
Bg5 e6 9. O-O-O Be7 10. Rhe1 O-O 11. Qd2 h6 12. Bh4 Nxe4 13. Nxe4 Bxh4 14. Nxd6
Be7 15. Ne4 Qxd2+ 16. Rxd2 f5 17. Nd6 Bxf3 18. gxf3 Bg5 19. Nxb7 Rab8 20. Nc5
Bxd2+ 21. Kxd2 Rxb2 22. Rxe6 Rc8 23. Nd3 Rcxc2+ 0-1

[Event "Gibraltar Open"]
[Site "Caleta ENG"]
[Date "2012.01.27"]
[Round "4.45"]
[White "Vinas Guerrero, Carlos A."]
[Black "Bellon Lopez, Juan Manuel"]
[Result "1/2-1/2"]
[BlackTitle "GM"]
[WhiteElo "2160"]
[BlackElo "2422"]
[WhiteFideId "2216868"]
[BlackFideId "2200031"]
[EventDate "2012.01.24"]

1. e4 c5 2. Nf3 e6 3. c3 Qa5 4. d3 d6 5. Be2 Nd7 6. O-O Ngf6 7. Nbd2 Be7 8. Re1
O-O 9. Bf1 Qc7 10. a4 b6 11. d4 Bb7 12. d5 exd5 13. exd5 Rfe8 14. c4 Bf8 15. b3
Rxe1 16. Qxe1 Re8 17. Qd1 g6 18. Bb2 Bg7 19. Qc2 a6 20. Re1 Rxe1 21. Nxe1 b5 22.
axb5 axb5 23. Bc3 b4 24. Bb2 Qa5 25. Qb1 Bc8 26. Bd3 Ne5 27. Bc2 Ne8 28. Nef3
Nxf3+ 29. Nxf3 Bxb2 30. Qxb2 Qa3 31. Qb1 Ng7 32. Nh4 Qa7 33. Qe1 Qa2 34. Qc1 h6
35. h3 g5 36. Nf3 Bf5 37. Bxf5 Nxf5 38. Qd1 Qb2 39. Qd3 Ne7 40. Qe3 Ng6 41. g3
Kg7 42. h4 f6 43. h5 Nh8 44. Nd2 Nf7 45. f4 Qc1+ 46. Kg2 Qd1 47. Nf3 Qc2+ 48.
Nd2 g4 49. Kg1 Qc1+ 50. Kg2 Kf8 51. Nf1 Qc2+ 52. Kg1 Qf5 53. Qe2 Nd8 54. Nd2
Qxh5 55. Qe4 Qe8 56. Qxe8+ Kxe8 57. Ne4 Ke7 58. Kf2 h5 59. Ke3 f5 60. Nd2 Nf7
61. Nf1 Nh8 62. Kf2 Kf6 63. Ne3 h4 64. gxh4 Nf7 65. Nf1 Nh8 66. Kg2 Ng6 67. Kg3
Ne7 68. Kg2 Kg6 69. Ne3 Nc8 70. Kh2 Nb6 71. Kg2 Nd7 72. h5+ Kf6 73. Kg3 Nf8 74.
Kh4 Nh7 75. Kg3 Nf8 76. Kh4 Nh7 1/2-1/2

[Event "Gibraltar Open"]
[Site "Caleta ENG"]
[Date "2012.01.27"]
[Round "4.46"]
[White "Quillan, Gary"]
[Black "Samu, Sorin-Mihai"]
[Result "1-0"]
[WhiteTitle "IM"]
[WhiteElo "2409"]
[BlackElo "2156"]
[WhiteFideId "401153"]
[BlackFideId "1210165"]
[EventDate "2012.01.24"]

1. e4 Nc6 2. Nf3 e6 3. d4 d5 4. Nbd2 dxe4 5. Nxe4 Nf6 6. Nxf6+ Qxf6 7. Bd3 h6 8.
c3 Bd6 9. Qe2 Bd7 10. O-O O-O-O 11. Re1 Bf4 12. b4 Rhe8 13. b5 Ne7 14. c4 Bxc1
15. Raxc1 Nf5 16. Qb2 Kb8 17. Ne5 Bc8 18. Bxf5 exf5 19. a4 Ka8 20. a5 Qe6 21.
Qc3 Qf6 22. Rb1 Re7 23. Red1 Qd6 24. Nf3 g5 25. d5 Qc5 26. Rbc1 g4 27. Nd4 f4
28. Nb3 Qd6 29. a6 b6 30. c5 bxc5 31. Na5 Rde8 32. Nc4 Qd7 33. d6 Re6 34. Qd3
Qxb5 35. Qd5+ c6 36. Qd3 Bxa6 37. d7 Rd8 38. Qf5 Qb4 39. Ne5 Be2 40. Re1 Rxd7
41. Nxd7 Bd3 42. Rxe6 Bxf5 43. Re8+ Kb7 44. Nxc5+ Kc7 45. Na6+ 1-0

[Event "Gibraltar Open"]
[Site "Caleta ENG"]
[Date "2012.01.27"]
[Round "4.47"]
[White "Schmidt, Ralf"]
[Black "Getz, Nicolai"]
[Result "0-1"]
[BlackTitle "IM"]
[WhiteElo "2156"]
[BlackElo "2408"]
[WhiteFideId "4640950"]
[BlackFideId "1505572"]
[EventDate "2012.01.24"]

1. e4 c5 2. d3 g6 3. g3 Bg7 4. Bg2 e6 5. Nc3 Ne7 6. Be3 Qb6 7. Nge2 Nbc6 8. O-O
Nd4 9. Rb1 d6 10. a3 O-O 11. b4 Nxe2+ 12. Nxe2 Qc7 13. c4 Rb8 14. f4 b6 15. g4
f5 16. gxf5 gxf5 17. Qb3 Bb7 18. Ng3 Ng6 19. Qd1 Rbe8 20. Qh5 Qe7 21. Qh3 fxe4
22. dxe4 Bd4 23. Bxd4 cxd4 24. f5 Ne5 25. fxe6 Rxf1+ 26. Rxf1 Qxe6 27. Nf5 Kh8
28. Qh4 d3 29. Nd4 Qg6 30. Rf6 d2 0-1

[Event "Gibraltar Open"]
[Site "Caleta ENG"]
[Date "2012.01.27"]
[Round "4.48"]
[White "Ansell, Simon T"]
[Black "Seyfried, Claus"]
[Result "1-0"]
[WhiteTitle "IM"]
[WhiteElo "2373"]
[BlackElo "2141"]
[WhiteFideId "402141"]
[BlackFideId "1271085"]
[EventDate "2012.01.24"]

1. e4 e5 2. Nf3 Nf6 3. d4 Nxe4 4. Bd3 d5 5. Nxe5 Nd7 6. Qe2 Nxe5 7. Bxe4 dxe4 8.
Qxe4 Bd6 9. dxe5 O-O 10. O-O Re8 11. f4 f6 12. Qc4+ Be6 13. Qc3 fxe5 14. f5 Rf8
15. fxe6 Bc5+ 16. Qxc5 Rxf1+ 17. Kxf1 Qd1+ 18. Kf2 Rf8+ 19. Qxf8+ Kxf8 20. Nc3
Qxc2+ 21. Ne2 Ke7 22. a4 Qf5+ 23. Ke1 Qe4 24. Ra3 Qxg2 25. h3 Qh1+ 26. Kd2 a5
27. Re3 Kxe6 28. Kc2 c6 29. Bd2 Qa1 30. Nc3 Qf1 31. b3 b5 32. Ne4 bxa4 33. Nc5+
Kd6 34. Nxa4 c5 35. Nb2 Qf5+ 36. Rd3+ Kc6 37. Nc4 g5 38. Nxa5+ Kc7 39. Nc4 h5
40. Bc3 e4 41. Be5+ Kc6 42. Re3 Qf2+ 43. Kb1 Kd5 44. Bg3 Qf1+ 45. Be1 Qg1 46.
Kc2 Qh2+ 47. Kd1 Qg1 48. Rg3 Qh1 49. Rxg5+ Kc6 50. Rg6+ Kc7 51. Rg3 Kc6 52. Ke2
Qh2+ 53. Bf2 Qh1 54. Re3 1-0

[Event "Gibraltar Open"]
[Site "Caleta ENG"]
[Date "2012.01.27"]
[Round "4.49"]
[White "Daurelle, Herve"]
[Black "Graf, Felix"]
[Result "0-1"]
[WhiteElo "2148"]
[BlackElo "2367"]
[WhiteFideId "602655"]
[BlackFideId "24608904"]
[EventDate "2012.01.24"]

1. e4 e6 2. d4 d5 3. Nc3 Nf6 4. e5 Nfd7 5. f4 c5 6. Nf3 Nc6 7. Be3 Be7 8. Be2
O-O 9. O-O f6 10. exf6 Nxf6 11. Ne5 Nxd4 12. Bxd4 cxd4 13. Qxd4 Qc7 14. Kh1 Bc5
15. Qd3 a6 16. Rae1 b5 17. Qh3 b4 18. Nd1 Ra7 19. Bd3 g6 20. Ne3 Bd4 21. b3 Bc3
22. Re2 Bxe5 23. fxe5 Qxe5 24. Nf5 Qc3 25. Nh6+ Kg7 26. Ref2 e5 27. Qe3 Re7 28.
Qg5 e4 29. Bxa6 Re5 30. Rf5 Bxf5 31. Nxf5+ Rxf5 32. Rxf5 h6 0-1

[Event "Gibraltar Open"]
[Site "Caleta ENG"]
[Date "2012.01.27"]
[Round "4.50"]
[White "Schiller, Eric"]
[Black "Dukaczewski, Piotr"]
[Result "0-1"]
[WhiteTitle "FM"]
[BlackTitle "IM"]
[WhiteElo "2109"]
[BlackElo "2344"]
[WhiteFideId "2002973"]
[BlackFideId "1103520"]
[EventDate "2012.01.24"]

1. d4 d5 2. Nf3 Nf6 3. e3 e6 4. Bd3 Be7 5. O-O O-O 6. b3 c5 7. Bb2 cxd4 8. exd4
Nc6 9. Ne5 Qc7 10. a3 b6 11. f4 Bb7 12. Qf3 Ne4 13. Qh3 f5 14. Qh5 Nxe5 15. fxe5
g6 16. Qe2 Rf7 17. Nd2 Raf8 18. c4 Qd7 19. Rac1 Rd8 20. Rc2 dxc4 21. Bxc4 Nxd2
22. Qxd2 b5 23. Be2 Bf8 24. Qa5 Qd5 25. Rf3 a6 26. Rf2 Qd7 27. Bf3 Rc8 28. Qd2
Rxc2 29. Qxc2 Bh6 30. Qc3 Qc7 31. Rc2 Be3+ 32. Kf1 Qxc3 33. Rxc3 Bxd4 34. Rc2
Bxb2 35. Rxb2 Bxf3 36. gxf3 Rc7 37. Kf2 Rc3 38. Kg3 g5 39. Rd2 Rxb3 40. Rd8+ Kf7
41. Rd7+ Kg6 42. Re7 f4+ 0-1

[Event "Gibraltar Open"]
[Site "Caleta ENG"]
[Date "2012.01.27"]
[Round "4.52"]
[White "Freuler, Roman"]
[Black "Palencia, Wilson"]
[Result "1-0"]
[BlackTitle "IM"]
[WhiteElo "2077"]
[BlackElo "2324"]
[WhiteFideId "1304283"]
[BlackFideId "4401859"]
[EventDate "2012.01.24"]

1. e4 d5 2. exd5 Qxd5 3. Nc3 Qa5 4. Be2 c6 5. Nf3 Qc7 6. d4 Nf6 7. Bg5 Nbd7 8.
Qd2 e6 9. Bf4 Bd6 10. Bxd6 Qxd6 11. O-O-O b5 12. Ne5 O-O 13. f4 Nb6 14. Bf3 Nc4
15. Nxb5 cxb5 16. Nxc4 Qb8 17. Bxa8 Qxa8 18. Ne5 Bb7 19. Rhg1 a5 20. Nd3 b4 21.
Nc5 Bd5 22. Kb1 Rb8 23. Rc1 a4 24. c4 bxc3 25. Qxc3 a3 26. b3 Bxg2 27. Ka1 Bd5
28. Qe3 Qa7 29. Qe5 Ne8 30. Nd7 Ra8 31. Nf6+ Nxf6 32. Qxf6 g6 33. Qe5 Qa5 34.
Rc2 Rf8 35. h4 Qa6 36. Qe3 h5 37. Rgc1 Qa8 38. Rc5 Qd8 39. Qe5 Qxh4 40. Rc8 Qe7
41. Qb8 Rxc8 42. Rxc8+ Kh7 43. Qe5 f6 44. Qb8 g5 45. Rc7 Qxc7 46. Qxc7+ Kg6 47.
fxg5 fxg5 48. Qg3 Kf5 49. Qh3+ g4 50. Qxh5+ Kf4 51. Kb1 g3 52. Qe2 g2 53. Qf2+
Kg4 54. Kc2 Kh3 55. Qg1 Be4+ 56. Kc3 Bb1 57. Kb4 Bxa2 58. Kxa3 Bb1 59. Qxb1 Kh2
60. Qh7+ Kg3 61. Qg6+ Kf2 62. b4 g1=Q 63. Qxg1+ Kxg1 64. b5 1-0

[Event "Gibraltar Open"]
[Site "Caleta ENG"]
[Date "2012.01.27"]
[Round "4.53"]
[White "Compton, Alistair"]
[Black "Henriksson, Johan"]
[Result "0-1"]
[WhiteElo "2051"]
[BlackElo "2308"]
[WhiteFideId "4300645"]
[BlackFideId "1703560"]
[EventDate "2012.01.24"]

1. e4 c6 2. d4 d5 3. exd5 cxd5 4. c4 Nf6 5. Nc3 e6 6. Nf3 Be7 7. cxd5 Nxd5 8.
Bc4 Nxc3 9. bxc3 O-O 10. O-O Nc6 11. Bb3 b6 12. Qd3 Bb7 13. Bc2 g6 14. Re1 Rc8
15. Bf4 Bf6 16. Nd2 Ne7 17. Ne4 Bxe4 18. Rxe4 Nd5 19. Bd2 Bg5 20. f4 Bf6 21. c4
Ne7 22. Rd1 Qc7 23. Bb3 Rfd8 24. Bc3 Nf5 25. d5 Bxc3 26. Qxc3 exd5 27. Re5 dxc4
28. Rxd8+ Qxd8 29. Bxc4 Qc7 30. Qb3 Qxc4 31. Re8+ Kg7 0-1

[Event "Gibraltar Open"]
[Site "Caleta ENG"]
[Date "2012.01.27"]
[Round "4.55"]
[White "Ungureanu, Sandu"]
[Black "Montero Melendez, Rafael"]
[Result "1-0"]
[WhiteElo "2039"]
[BlackElo "2303"]
[WhiteFideId "1212311"]
[BlackFideId "2221772"]
[EventDate "2012.01.24"]

1. e4 c5 2. Nf3 e6 3. c4 a6 4. Be2 Qc7 5. O-O d6 6. d4 cxd4 7. Nxd4 Nf6 8. Nc3
Be7 9. Be3 O-O 10. Rc1 b6 11. b4 Bb7 12. f3 Nbd7 13. Qb3 Rfe8 14. Rfd1 Rac8 15.
a4 Qb8 16. a5 d5 17. cxd5 exd5 18. Nxd5 Nxd5 19. exd5 Rxc1 20. Rxc1 Bd6 21. g3
Bxg3 22. hxg3 Qxg3+ 23. Kf1 Nf6 24. Nc6 Ng4 25. Bg1 Qh3+ 26. Ke1 Qg2 27. Qd3
Bxc6 28. dxc6 Ne5 29. Qe3 Nxf3+ 30. Kd1 Rd8+ 31. Kc2 Nd4+ 32. Kb2 Nxe2 33. Rc2
Rc8 34. Rxe2 Qxc6 35. axb6 h5 36. Bh2 a5 37. Qc5 Qf6+ 38. Be5 Qe6 39. b7 Re8 40.
Rg2 f6 41. b8=Q Rxb8 42. Bxb8 Qe4 43. Qc8+ Kh7 44. Qc2 1-0

[Event "Gibraltar Open"]
[Site "Caleta ENG"]
[Date "2012.01.27"]
[Round "4.57"]
[White "Rodriguez Lopez, Rafael"]
[Black "Choukri, Adel"]
[Result "0-1"]
[WhiteTitle "IM"]
[WhiteElo "2287"]
[BlackElo "2115"]
[WhiteFideId "2204495"]
[BlackFideId "9000399"]
[EventDate "2012.01.24"]

1. e4 c5 2. Nf3 Nc6 3. d4 cxd4 4. Nxd4 Qb6 5. Nb3 Nf6 6. Nc3 e6 7. Qe2 d6 8. Be3
Qc7 9. g4 a6 10. g5 Nd7 11. O-O-O Nc5 12. f4 b5 13. Bg2 Nxb3+ 14. axb3 Be7 15.
Kb1 O-O 16. Rhf1 b4 17. Na4 a5 18. Rf3 Ba6 19. Qf2 g6 20. Rh3 f6 21. Qh4 Rf7 22.
f5 fxg5 23. Bxg5 Bxg5 24. Qxg5 Ne5 25. fxe6 Rf2 26. Rd2 Rxd2 27. Qxd2 Qe7 28.
Qh6 Rb8 29. Rh4 Bb5 30. Bh3 Bxa4 31. bxa4 b3 32. c3 Qg7 33. Qd2 Qe7 34. Rf4 Rf8
35. Rxf8+ Kxf8 36. Qd5 Qh4 37. Qxd6+ Ke8 38. Qb8+ Ke7 39. Qa7+ Ke8 40. Qe3 Nc4
41. Qe2 Qxe4+ 42. Qxe4 Nd2+ 43. Kc1 Nxe4 44. Bg2 Nc5 45. Bd5 Ke7 46. Kd2 g5 47.
Ke3 Nxa4 48. Bxb3 Nxb2 49. Ke4 a4 50. Bd5 Nd1 51. Kd4 a3 52. Bb3 g4 53. Ke5 Nxc3
54. Kf5 a2 55. Bxa2 Nxa2 56. Kxg4 Kxe6 0-1

[Event "Gibraltar Open"]
[Site "Caleta ENG"]
[Date "2012.01.27"]
[Round "4.58"]
[White "Ben Artzi, Ido"]
[Black "Mihajlov, Svetoslav"]
[Result "1-0"]
[WhiteElo "2284"]
[BlackElo "2101"]
[WhiteFideId "2810913"]
[BlackFideId "1507168"]
[EventDate "2012.01.24"]

1. d4 d5 2. c4 c6 3. Nc3 Nf6 4. e3 e6 5. Bd3 Nbd7 6. cxd5 exd5 7. Nge2 Bd6 8.
O-O O-O 9. f3 c5 10. Qe1 cxd4 11. exd4 h6 12. Qf2 Re8 13. g4 Nf8 14. h4 Be7 15.
g5 hxg5 16. hxg5 N6h7 17. f4 Bh3 18. Re1 Bb4 19. Bd2 a6 20. Qf3 Bd7 21. Qxd5 Bc6
22. Qxd8 Raxd8 23. Kf2 g6 24. Rad1 Ne6 25. Be3 Nc7 26. a3 Ba5 27. b4 Bb6 28. Bc4
Nb5 29. Bxb5 axb5 30. Rd3 f6 31. Red1 fxg5 32. d5 Rxe3 33. Rxe3 gxf4 34. Nxf4
Rf8 35. dxc6 g5 36. Ke2 Bxe3 37. Ne6 Re8 38. c7 Nf8 39. Rd8 Nxe6 40. Rxe8+ 1-0

[Event "Gibraltar Open"]
[Site "Caleta ENG"]
[Date "2012.01.27"]
[Round "4.59"]
[White "Suez-Panama, Gilles"]
[Black "Tabatt, Hendrik"]
[Result "0-1"]
[WhiteElo "2034"]
[BlackElo "2281"]
[WhiteFideId "620165"]
[BlackFideId "4653572"]
[EventDate "2012.01.24"]

1. d4 Nf6 2. Nf3 g6 3. c4 Bg7 4. Nc3 O-O 5. g3 d6 6. Bg2 Nc6 7. O-O e5 8. h3
exd4 9. Nxd4 Nxd4 10. Qxd4 Nd7 11. Qd2 Nc5 12. b3 Bd7 13. Bb2 Bc6 14. b4 Bxg2
15. Kxg2 Nd7 16. Nd5 Bxb2 17. Qxb2 c6 18. Ne3 Qf6 19. Qxf6 Nxf6 20. Rfd1 Rfd8
21. Rd3 Kf8 22. Rad1 Ke7 23. f4 a5 24. b5 Ne4 25. Ng4 f5 26. Nf2 Nc5 27. Re3+
Kd7 28. Nd3 Ne4 29. b6 c5 30. Ne5+ Ke6 31. Nf3 Kf7 32. g4 Ra6 33. gxf5 gxf5 34.
Rd5 Nf6 35. Rxf5 Rxb6 36. Ng5+ Kg6 37. Ne6 Kxf5 38. Nxd8 Rb4 39. Nf7 Ne4 40. Kf3
Nd2+ 41. Kg2 Nxc4 42. Rf3 Rb2 43. Kf2 h5 44. Nh6+ Kg6 45. Ng8 h4 46. f5+ Kg7 47.
Ne7 Ne5 48. f6+ Kf7 49. Rf5 Rxa2 50. Nc8 Ke6 51. Nxd6 Nf7 52. Rxc5 Nxd6 53. Rh5
Ra4 54. Rh6 Ne4+ 55. Kf3 Nxf6 56. e3 0-1

[Event "Gibraltar Open"]
[Site "Caleta ENG"]
[Date "2012.01.27"]
[Round "4.61"]
[White "Vaarala, Eric"]
[Black "Herman, Jean"]
[Result "0-1"]
[WhiteElo "2238"]
[BlackElo "2077"]
[WhiteFideId "1711962"]
[BlackFideId "263036"]
[EventDate "2012.01.24"]

1. Nf3 Nf6 2. d4 d5 3. Bf4 c5 4. c3 Nc6 5. e3 Qb6 6. Qb3 c4 7. Qc2 Bf5 8. Qc1 h6
9. Nbd2 Qd8 10. Be2 e6 11. Ne5 Nxe5 12. Bxe5 Be7 13. h4 O-O 14. Qd1 Nd7 15. Bg3
b5 16. f4 b4 17. cxb4 Rb8 18. a3 a5 19. Ra2 axb4 20. axb4 Rxb4 21. Qa1 Nf6 22.
O-O Ng4 23. Bxg4 Bxg4 24. Qe1 Qb6 25. Qa1 Qd8 26. Qe1 Qb6 27. Qa1 Bf6 28. f5
exf5 29. Ra6 Qb7 30. Bd6 Rxb2 31. Ra7 Qb5 32. Bxf8 c3 33. Ra8 Kh7 34. Bb4 Qe2
35. Rf2 Qxe3 36. Bxc3 Qxc3 37. Nf3 Bxf3 38. Qxb2 Qxb2 39. Rxb2 Bxd4+ 40. Kh2
Be5+ 41. Kg1 Bxb2 42. gxf3 d4 43. Rd8 Bc1 44. Kg2 Be3 45. h5 g6 46. Rd7 Kg8 47.
hxg6 fxg6 48. Kg3 Kf8 49. f4 Ke8 50. Rd6 Kf7 51. Kf3 g5 52. fxg5 hxg5 53. Ra6
g4+ 54. Kg3 d3 55. Ra5 Kf6 56. Rd5 d2 57. Rd3 Kg5 58. Rd5 Kg6 59. Rd6+ Kh5 60.
Rd8 f4+ 61. Kg2 f3+ 62. Kf1 d1=Q+ 63. Rxd1 g3 0-1

[Event "Gibraltar Open"]
[Site "Caleta ENG"]
[Date "2012.01.27"]
[Round "4.63"]
[White "Urbina Perez, Juan Antonio"]
[Black "Nilsson, Lars Kjoller"]
[Result "1-0"]
[WhiteTitle "CM"]
[WhiteElo "2210"]
[BlackElo "2036"]
[WhiteFideId "2217368"]
[BlackFideId "1402544"]
[EventDate "2012.01.24"]

1. e4 c5 2. Nf3 d6 3. d4 cxd4 4. Nxd4 Nf6 5. Nc3 e6 6. Be3 Nc6 7. f3 Be7 8. Qd2
O-O 9. g4 Nd7 10. O-O-O Nde5 11. Qf2 Nxd4 12. Bxd4 Ng6 13. Kb1 Bh4 14. Qd2 Bd7
15. Be3 Be7 16. f4 Bc6 17. h4 Bf6 18. Bd3 Bxc3 19. Qxc3 Rc8 20. Qe1 f5 21. gxf5
exf5 22. h5 Ne7 23. Bc4+ Kh8 24. h6 Bxe4 25. hxg7+ Kxg7 26. Rxh7+ Kxh7 27. Qh4+
Kg7 28. Bd4+ Rf6 29. Qxf6+ Kh7 30. Qg7# 1-0

[Event "Gibraltar Open"]
[Site "Caleta ENG"]
[Date "2012.01.27"]
[Round "4.64"]
[White "Candano Gonzalez, Alvaro"]
[Black "Duhayon, Yves"]
[Result "0-1"]
[WhiteElo "1647"]
[BlackElo "2210"]
[WhiteFideId "22232796"]
[BlackFideId "200492"]
[EventDate "2012.01.24"]

1. e4 e5 2. Nf3 Nc6 3. d4 exd4 4. Bc4 Nf6 5. e5 Ng4 6. O-O d6 7. exd6 Qxd6 8.
Na3 a6 9. h3 Nf6 10. Ng5 Nd8 11. Re1+ Be7 12. Qe2 Ne6 13. Bxe6 Bxe6 14. Nxe6
Qxe6 15. Qf1 Qd7 16. Qe2 Nd5 17. c4 dxc3 18. bxc3 O-O-O 19. c4 Bf6 20. Bb2 Nf4
21. Qe3 Bxb2 22. Qa7 c6 23. Rab1 Nd3 24. Red1 Qc7 25. Nc2 Rhe8 26. Ne3 Qb8 27.
Qb6 Bd4 28. Qb3 Nc5 29. Qa3 Bxe3 30. fxe3 Qe5 31. Rxd8+ Rxd8 32. Kh1 Rd2 33. Qb4
Qxe3 0-1

[Event "Gibraltar Open"]
[Site "Caleta ENG"]
[Date "2012.01.27"]
[Round "4.67"]
[White "Valgmae, Toomas"]
[Black "Cernousek, Lukas"]
[Result "0-1"]
[BlackTitle "IM"]
[WhiteElo "2208"]
[BlackElo "2438"]
[WhiteFideId "4502523"]
[BlackFideId "311707"]
[EventDate "2012.01.24"]

1. d4 Nf6 2. c4 g6 3. Nc3 d5 4. Nf3 Bg7 5. Qb3 dxc4 6. Qxc4 O-O 7. e4 Nc6 8. Be2
Bg4 9. d5 Na5 10. Qb4 Bxf3 11. Bxf3 c6 12. O-O Qb6 13. Qa4 Nd7 14. Rd1 Rfd8 15.
Qc2 Rac8 16. Be3 Qc7 17. dxc6 Nxc6 18. Rac1 Qb8 19. Qa4 e6 20. Nb5 Nb6 21. Qa3
Rxd1+ 22. Bxd1 Qe5 23. Bxb6 Qxb5 24. Be3 Bxb2 25. Rb1 Bxa3 26. Rxb5 b6 27. Kf1
Nb4 28. Bb3 Nc2 29. Ke2 Nxe3 30. fxe3 Rc1 31. h4 Bc5 32. Bd1 Bxe3 33. h5 Bd4 34.
hxg6 hxg6 35. Rb4 Bc5 36. Rb2 Rc3 37. Rb3 Rc4 38. Kf3 Rd4 39. Be2 Ra4 40. Rb2
Ra3+ 41. Kg4 f5+ 42. exf5 exf5+ 43. Kf4 Bd6+ 44. Kg5 Kf7 45. g4 Be7+ 46. Kf4 Kf6
47. g5+ Kg7 48. Rd2 Ra4+ 49. Kf3 Bxg5 50. Rc2 Ra3+ 51. Kg2 Bf6 52. Rc7+ Kh6 53.
Bc4 Rc3 54. a4 Kg5 0-1

[Event "Gibraltar Open"]
[Site "Caleta ENG"]
[Date "2012.01.27"]
[Round "4.68"]
[White "Dolgova, Olga"]
[Black "Aloma Vidal, Robert"]
[Result "0-1"]
[WhiteTitle "WIM"]
[BlackTitle "IM"]
[WhiteElo "2206"]
[BlackElo "2431"]
[WhiteFideId "4158296"]
[BlackFideId "2260409"]
[EventDate "2012.01.24"]

1. d4 Nf6 2. Nf3 g6 3. Bg5 Bg7 4. Nbd2 O-O 5. c3 d6 6. e4 c5 7. Bd3 cxd4 8. cxd4
Bg4 9. h3 Bxf3 10. Nxf3 d5 11. exd5 Qxd5 12. Qe2 Nc6 13. Be3 Rac8 14. O-O Nb4
15. Bb1 Qd6 16. a3 Nbd5 17. Bd2 Qb6 18. Bd3 e6 19. Bg5 h6 20. Bd2 a5 21. Rab1
Qa7 22. Rbc1 Rxc1 23. Rxc1 Qb6 24. Rc2 Ne7 25. Ne5 Rd8 26. Be3 Nfd5 27. Nc4 Qa7
28. Bd2 Nc6 29. Qg4 Nxd4 30. Rc1 Nb3 31. Rd1 Nxd2 32. Nxd2 Ne3 33. fxe3 Qxe3+ 0-1

[Event "Gibraltar Open"]
[Site "Caleta ENG"]
[Date "2012.01.27"]
[Round "4.69"]
[White "Zygouris, Hristos"]
[Black "Astaneh Lopez, Alex"]
[Result "0-1"]
[BlackTitle "IM"]
[WhiteElo "2205"]
[BlackElo "2414"]
[WhiteFideId "4200292"]
[BlackFideId "2501430"]
[EventDate "2012.01.24"]

1. c4 Nf6 2. g3 e6 3. Bg2 d5 4. Nf3 dxc4 5. Qa4+ Nbd7 6. Qxc4 Be7 7. O-O a6 8.
Qc2 O-O 9. d4 c5 10. Rd1 cxd4 11. Nxd4 Bc5 12. Nc3 Qe7 13. a3 Rd8 14. Nb3 Ba7
15. Na4 Nb6 16. Rxd8+ Qxd8 17. Nac5 Nbd7 18. Bd2 Bxc5 19. Nxc5 Nxc5 20. Rd1 Ncd7
21. Bf4 Qe8 22. Bc7 h6 23. b4 Nd5 24. Bxd5 exd5 25. Rxd5 Qe6 26. Rd6 Qe7 27. a4
Nf8 28. Rd8 Bf5 0-1

[Event "Gibraltar Open"]
[Site "Caleta ENG"]
[Date "2012.01.27"]
[Round "4.70"]
[White "Houska, Jovanka"]
[Black "Tscharotschkin, Michael"]
[Result "1-0"]
[WhiteTitle "IM"]
[WhiteElo "2414"]
[BlackElo "2195"]
[WhiteFideId "405094"]
[BlackFideId "4619510"]
[EventDate "2012.01.24"]

1. d4 d5 2. c4 e6 3. Nf3 c6 4. Bg5 f6 5. Bf4 f5 6. Nbd2 Nf6 7. g3 Bd6 8. Bg2
Bxf4 9. gxf4 O-O 10. Ne5 Ne4 11. O-O Nd7 12. Ndf3 g5 13. fxg5 Nxe5 14. Nxe5 Qxg5
15. f4 Qe7 16. Bxe4 dxe4 17. e3 Bd7 18. Kh1 Be8 19. Qe2 Kh8 20. Rg1 Bf7 21. Qf2
Rg8 22. Qh4 Rxg1+ 23. Rxg1 Re8 24. c5 h5 25. Rg5 1-0

[Event "Gibraltar Open"]
[Site "Caleta ENG"]
[Date "2012.01.27"]
[Round "4.72"]
[White "Scheckenbach, Franz"]
[Black "Alvarez Marquez, Johann"]
[Result "0-1"]
[BlackTitle "IM"]
[WhiteElo "2182"]
[BlackElo "2398"]
[WhiteFideId "4635647"]
[BlackFideId "3900649"]
[EventDate "2012.01.24"]

1. e4 c5 2. Nf3 d6 3. d4 cxd4 4. Nxd4 Nf6 5. Nc3 a6 6. Bg5 e6 7. f4 Qc7 8. Bd3
b5 9. a3 Bb7 10. Qe2 Nbd7 11. Nf3 Be7 12. Bh4 Nc5 13. O-O O-O 14. Rad1 Rac8 15.
e5 dxe5 16. fxe5 Nd5 17. Nxd5 Bxd5 18. Bxe7 Qxe7 19. Kh1 Nxd3 20. cxd3 Rc7 21.
Rc1 Rfc8 22. Qe3 h6 23. Rxc7 Qxc7 24. Nd4 Qb7 25. Qf2 Rc7 26. h3 Qa7 27. Qh4 Qa8
28. Qg3 Qd8 29. Rf4 Kh7 30. Rg4 Qf8 31. Qf4 Rc8 32. Kh2 f5 33. exf6 Qxf6 34. Qe3
Rf8 35. b4 Qf2 36. Qe5 Qf6 37. Qe3 Qf2 38. Qe5 Qf6 39. Qe3 Rf7 40. Rg3 Rc7 41.
Ne2 Rf7 42. Nd4 Qf4 43. Kg1 Qf1+ 44. Kh2 Rf2 45. Nf3 Bxf3 46. Qxf3 0-1